000 00613nam a2200193Ia 4500
001 22547
003 GE_BSU
008 181216s||||||||xx |||||||||||||| ||und||
040 _cGE_BSU
245 _aეკონომიკა №2-3. 2018
245 _bმეცნიერება,პრაქტიკა,გამოცდილება.
245 _cმთ.რედ: რ.შენგელია
260 _aთბილისი
260 _c2018
300 _a239 გვ. 21 სმ.
653 _aეკონომიკა №2-3. 2018
653 _aპერიოდიკა
942 _cCR
999 _c55465
_d55465